200 Most Popular Baby Girl Names Starting with I (2022) - Statistics

General Stats
  • This quiz has been taken 7,191 times
    3,850 since last reset
  • The average score is 82 of 200
Answer Stats
Name % Correct
Isa
97%
Issa
97%
Izza
97%
Izzah
97%
Isabel
95%
Isabell
95%
Isabelle
95%
Isobel
95%
Izabel
95%
Izabell
95%
Izabelle
95%
Ila
94%
Ilah
94%
Illa
94%
Isla
94%
Islah
94%
Iyla
94%
Iylah
94%
Isabela
92%
Isabella
92%
Issabella
92%
Itzabella
92%
Izabela
92%
Izabella
92%
Izzabella
92%
Indee
83%
Indi
83%
Indie
83%
Indy
83%
Ivee
83%
Ivey
83%
Ivie
83%
Ivy
83%
India
80%
Indiya
80%
Indiyah
80%
Indya
80%
Iris
79%
Irys
79%
Ida
78%
Irene
78%
Iva
76%
Ira
73%
Irha
73%
Iyra
73%
Ina
71%
Inna
71%
Izzie
71%
Izzy
71%
Irena
68%
Irina
68%
Io
65%
Ilia
64%
Ilya
64%
Ivana
64%
Ivanna
64%
Iana
63%
Ianna
63%
Iona
63%
Iyana
63%
Iyanna
63%
Iyonna
63%
Imogen
59%
Imogene
59%
Ilana
56%
Ilona
56%
Ivery
55%
Ivoree
55%
Ivori
55%
Ivorie
55%
Ivory
55%
Ivry
55%
Indiana
54%
Ita
52%
Ileana
51%
Iliana
51%
Ilianna
51%
Illiana
51%
Illianna
51%
Illyana
51%
Ilyana
51%
Ilyanna
51%
Imaan
48%
Iman
48%
Ivanka
45%
Irma
43%
Ingrid
42%
Iley
40%
Ily
40%
Ireland
40%
Islay
40%
Isley
40%
Ines
39%
Inez
39%
Isis
38%
Iza
37%
Idaly
36%
Imani
36%
Italy
36%
Ilena
35%
Ilina
35%
Isadora
35%
Isidora
35%
Isra
35%
Israa
35%
Izadora
35%
Indigo
34%
Isha
33%
Island
32%
Israel
31%
Ilene
30%
Ilsa
28%
Ilse
28%
Indira
28%
Inga
28%
Italia
28%
Ivonne
27%
Imelda
26%
Iya
26%
Iyah
26%
Iveth
24%
Ivett
24%
Ivette
24%
Itza
23%
Itzae
23%
Ilynn
22%
Imara
22%
Itzel
20%
Ixchel
20%
Imari
19%
Inaaya
18%
Inaya
18%
Inayah
18%
Iniya
18%
Irie
18%
Ilani
17%
Isolde
17%
Ilaria
16%
Iriana
16%
Inaara
15%
Inara
15%
Inarah
15%
Idalia
14%
Ivani
14%
Izel
13%
Idy
12%
Ivyana
12%
Ivyanna
12%
Ivyonna
12%
Indra
11%
Itzia
11%
Ixia
11%
Icelyn
10%
Icelynn
10%
Ivania
10%
Inessa
9%
Ineza
9%
Isaura
9%
Izara
9%
Inari
8%
Irelyn
8%
Irelynn
8%
Isela
8%
Isella
8%
Itzayana
8%
Itzayanna
8%
Ivy-Rose
8%
Iara
7%
Iqra
7%
Iliza
6%
Indica
6%
Ioanna
6%
Ishani
6%
Ivy-Lynn
6%
Iridessa
5%
Idara
4%
Isabella-Rose
4%
Imona
3%
Infiniti
3%
Infinity
3%
Imrie
2%
Insley
2%
Irlanda
2%
Isabelly
2%
Ishika
2%
Iverson
2%
Izna
2%
Ilham
1%
Ilhan
1%
Irelia
1%
Ireoluwa
1%
Isamar
1%
Ishanvi
1%
Ishita
1%
Itzamara
1%
Ivelisse
1%
Izumi
1%
Ifeoluwa
0%
Ikhlas
0%
Inayat
0%
No matching quizzes found
Score Distribution
Percent of People with Each Score
Percentile by Number Answered
Your Score History
You have not taken this quiz since the last reset